| 000 | 00357nam a22001337a 4500 | ||
|---|---|---|---|
| 082 |
_a070.44491439 _bNAG |
||
| 100 |
_aNaghma Habib _951267 |
||
| 245 | _aتجدید وفا | ||
| 260 |
_aKarachi, _bMehran Publisher, _c2016. |
||
| 300 | _a167p. | ||
| 526 |
_a0 _b0 _c0 _d070_444914390000000_NAG |
||
| 526 |
_a0 _b0 _c0 _d070_444914390000000_NAG |
||
| 942 |
_2ddc _cBK |
||
| 999 |
_c553992 _d553992 |
||